[Event "FRA-chT4 0506"]
[Site "France"]
[Date "2006.02.05"]
[Round "5"]
[White "Hentzien, Maxime"]
[Black "Thevenin, Alain"]
[Result "1-0"]
[WhiteElo "2040"]
[BlackElo "2020"]
[PlyCount "27"]
[EventDate "2005.10.02"]
[EventType "team"]
[EventRounds "9"]
[EventCountry "FRA"]
[SourceTitle "EXT 2007"]
[Source "ChessBase"]
[SourceDate "2006.11.23"]
[SourceVersion "1"]
[SourceVersionDate "2006.11.23"]
[SourceQuality "1"]

1. e4 c6 2. d4 d5 3. e5 Bf5 4. Nc3 a6 5. Nge2 e6 6. g4 Bxg4 7. Rg1 Bh5 8. Bh3 c5 9. Bg4 Bg6 10. Be3 Nc6 11. Qd2 cxd4 12. Bxd4 Qa5 13. h4 h5 14. Bxe6 1-0

[Event "Val Thorens op"]
[Site "Val Thorens"]
[Date "2002.07.28"]
[Round "8"]
[White "Burkel, Kevin"]
[Black "Hentzien, Maxime"]
[Result "1-0"]
[WhiteElo "2129"]
[BlackElo "1810"]
[PlyCount "39"]
[EventDate "2002.07.15"]
[EventType "swiss"]
[EventRounds "9"]
[EventCountry "FRA"]
[SourceTitle "EXT 2003"]
[Source "ChessBase"]
[SourceDate "2002.11.25"]
[SourceVersion "1"]
[SourceVersionDate "2002.11.25"]
[SourceQuality "1"]

1. d4 Nf6 2. e3 b6 3. Bd3 Bb7 4. Nf3 e6 5. Nbd2 d5 6. 0-0 Nbd7 7. c4 c5 8. cxd5 exd5 9. b3 Bd6 10. Bb2 0-0 11. Ne5 Re8 12. f4 Ne4 13. Rf3 f6 14. Nxe4 dxe4 15. Bc4+ Kf8 16. Nxd7+ Qxd7 17. Rh3 g6 18. dxc5 bxc5 19. Bxf6 Qc7 20. Qe1 1-0

[Event "Ardennes-ch 0102"]
[Site "Ardennes"]
[Date "2001.??.??"]
[Round "?"]
[White "Hentzien, Maxime"]
[Black "Romain, Emeline"]
[Result "0-1"]
[WhiteElo "1720"]
[BlackElo "1900"]
[PlyCount "48"]
[EventDate "2001.??.??"]
[EventType "swiss"]
[EventRounds "9"]
[EventCountry "FRA"]
[SourceTitle "EXT 2008"]
[Source "ChessBase"]
[SourceDate "2007.11.25"]
[SourceVersion "1"]
[SourceVersionDate "2007.11.25"]
[SourceQuality "1"]

1. e4 c5 2. Nf3 d6 3. d4 cxd4 4. Nxd4 Nf6 5. Nc3 g6 6. Bc4 Bg7 7. f3 0-0 8. Be3 Nc6 9. Qd2 Na5 10. Bb3 b6 11. 0-0-0 Ba6 12. h4 Qc7 13. h5 Bc4 14. hxg6 fxg6 15. Ne6 Nxb3+ 16. axb3 Bxe6 17. Bh6 Rf7 18. g4 Qc5 19. Rh4 b5 20. Kb1 a5 21. Rdh1 Raf8 22. Bg5 Qe5 23. f4 Nxe4 24. Nxe4 Qxb2# 0-1